| 000 | 00390nam a2200145Ia 4500 | ||
|---|---|---|---|
| 008 | 240729s9999 xx 000 0 und d | ||
| 022 | _a2579-1990 | ||
| 245 | 0 | _aSri Lanka Journal of Medicine | |
| 260 | _aSri Lanka | ||
| 260 | _bThe Kandy Society of Medicine | ||
| 650 | _aMedicine | ||
| 856 | _uhttps://doaj.org/toc/b9b7eab5ebff4e33a05157f8475aad76 | ||
| 942 | _2ddc | ||
| 942 | _cDOAJEJ | ||
| 999 |
_c66582 _d66582 |
||
| 945 |
_a1 _bMadushi Gamage _c1 _dMadushi Gamage |
||